000 00599nam a2200229Ia 4500
003 OSt
005 20221007075855.0
006 a|||||r|||| 00| 0
007 ta
008 221006b |||||||| |||| 00| 0 eng d
024 _a524
037 _cTextual
040 _aFLL
_cFLL
_beng
041 _2eng
_aeng
082 _aV2:2:9Z, M0
100 _aBasu Durga Dass
_9348912
245 0 _aConstitutional law of India
250 _a2nd
260 _aNew Delhi
_bPrentice Hall of India India
_c1980
942 _hV2:2:9Z, M0
_cTEXL
_2CC
999 _c1157676
_d1157676